Einwohnerreichste Länder Europas - Statistiken

Allgemein
  • Dieses Quiz wurde 189 mal gespielt
  • Das Durchschnittsergebnis liegt bei 9 aus 10
Antwortstatistiken
Einwohner Land % Korrekt
83.3 Mio. Deutschland
99%
64.7 Mio. Frankreich
99%
59.0 Mio. Italien
99%
47.5 Mio. Spanien
98%
41.5 Mio. Polen
96%
104 Mio. Russland
96%
67.6 Mio. Vereinigtes Königreich
94%
36.1 Mio. Ukraine
92%
19.1 Mio. Rumänien
84%
17.6 Mio. Niederlande
75%
Keine übereinstimmenden Quizze gefunden
Verteilung der Resultate
Anzahl Personen mit jedem Resultat
Perzentil nach korrekt beantworteten Fragen
Ihre Resultats-Entwicklung
Sie haben dieses Quiz noch nicht gespielt